LIBRARY & INFORMATION CENTRE, KCAET, TAVANUR

ONLINE PUBLIC ACCESS CATALOGUE (OPAC)

Improving genetic disease resistance in farm animals / (Record no. 5697)

MARC details
000 -LEADER
fixed length control field 00492cam a2200181ua 4500
003 - CONTROL NUMBER IDENTIFIER
control field OSt
008 - FIXED-LENGTH DATA ELEMENTS--GENERAL INFORMATION
fixed length control field 240216b |||||||| |||| 00| 0 eng d
020 ## - INTERNATIONAL STANDARD BOOK NUMBER
ISBN 0 7923 0518 3
041 ## - LANGUAGE CODE
Language code of text/sound track or separate title eng
082 ## - DEWEY DECIMAL CLASSIFICATION NUMBER
Classification number 636.0896
Item number VAR/IM
100 ## - MAIN ENTRY--AUTHOR NAME
Personal name Vander Zijpp, A J .
245 ## - TITLE STATEMENT
Title Improving genetic disease resistance in farm animals /
260 ## - PUBLICATION, DISTRIBUTION, ETC. (IMPRINT)
Place of publication London :
Name of publisher Kluwer Academic Publishers ,
Year of publication 1988.
300 ## - PHYSICAL DESCRIPTION
Number of Pages 188 ; .
500 ## - GENERAL NOTE
General note Vol. 52
700 1# - ADDED ENTRY--PERSONAL NAME
Personal name Sybesma , W .
942 ## - ADDED ENTRY ELEMENTS (KOHA)
Koha item type Books
Holdings
Withdrawn status Lost status Damaged status Home library Current library Date acquired Full call number Accession Number Koha item type
      KAUAET KAUAET 07/04/2012 636.0896 VAR/IM 19919 Books
free website counter